00314 a2200097 4500001001000000005001700010008004100027245005500068100002600123773006700149ART_1835520260410161919.0260409a 10aAlgunas consideraciones sobre el derecho de receso1 aLuchinsky, Rubén O.0 tLa informacióng- Tomo XXXIII, Nº 558 (jun. 1976)wREV14902